| 000 -LEADER |
| fixed length control field |
01360pam a2200325 a 4500 |
| 001 - CONTROL NUMBER |
| control field |
3544279 |
| 003 - CONTROL NUMBER IDENTIFIER |
| control field |
OSt |
| 005 - DATE AND TIME OF LATEST TRANSACTION |
| control field |
20160822165755.0 |
| 008 - FIXED-LENGTH DATA ELEMENTS--GENERAL INFORMATION |
| fixed length control field |
970805s1998 enka b 101 0 eng |
| 010 ## - LIBRARY OF CONGRESS CONTROL NUMBER |
| LC control number |
97033526 |
| 020 ## - INTERNATIONAL STANDARD BOOK NUMBER |
| International Standard Book Number |
3540762086 (pbk. : alk. paper) |
| 040 ## - CATALOGING SOURCE |
| Original cataloging agency |
DLC |
| Transcribing agency |
DLC |
| Modifying agency |
DLC |
| 050 00 - LIBRARY OF CONGRESS CALL NUMBER |
| Classification number |
QA76.87.N473 1997 |
| 082 00 - DEWEY DECIMAL CLASSIFICATION NUMBER |
| Classification number |
006.3/2 |
| Edition number |
21 |
| 100 ## - MAIN ENTRY--PERSONAL NAME |
| Personal name |
Bullinaria, John A. |
| 111 2# - MAIN ENTRY--MEETING NAME |
| Meeting name or jurisdiction name as entry element |
Neural Computation and Psychology Workshop |
| Number of part/section/meeting |
(4th : |
| Date of meeting |
1997 : |
| Location of meeting |
London, England) |
| 245 10 - TITLE STATEMENT |
| Title |
4th Neural Computation and Psychology Workshop : London, 9-11 April 1997 : connectionist representations / |
| Statement of responsibility, etc |
John A. Bullinaria, David W. Glasspool, and George Houghton (eds.) |
| 246 3# - VARYING FORM OF TITLE |
| Title proper/short title |
Fourth Neural Computation and Psychology Workshop |
| 260 ## - PUBLICATION, DISTRIBUTION, ETC. (IMPRINT) |
| Place of publication, distribution, etc |
Longon ; |
| -- |
New York : |
| Name of publisher, distributor, etc |
Springer, |
| Date of publication, distribution, etc |
c1998. |
| 300 ## - PHYSICAL DESCRIPTION |
| Extent |
xiii, 342 p. : |
| Other physical details |
ill. ; |
| Dimensions |
24 cm. |
| 440 #0 - SERIES STATEMENT/ADDED ENTRY--TITLE |
| Title |
Perspectives in neural computing |
| 504 ## - BIBLIOGRAPHY, ETC. NOTE |
| Bibliography, etc |
Includes bibliographical references and index. |
| 650 #0 - SUBJECT ADDED ENTRY--TOPICAL TERM |
| Topical term or geographic name as entry element |
Neural networks (Computer science) |
| General subdivision |
Psychological aspects |
| -- |
Congresses. |
| 700 1# - ADDED ENTRY--PERSONAL NAME |
| Personal name |
Bullinaria, John A. |
| Fuller form of name |
(John Andrew), |
| Dates associated with a name |
1959- |
| 700 1# - ADDED ENTRY--PERSONAL NAME |
| Personal name |
Glasspool, David W. |
| Fuller form of name |
(David William), |
| Dates associated with a name |
1965- |
| 700 1# - ADDED ENTRY--PERSONAL NAME |
| Personal name |
Houghton, George, |
| Dates associated with a name |
1957- |
| 906 ## - LOCAL DATA ELEMENT F, LDF (RLIN) |
| a |
7 |
| b |
cbc |
| c |
orignew |
| d |
1 |
| e |
ocip |
| f |
19 |
| g |
y-gencatlg |
| 942 ## - ADDED ENTRY ELEMENTS (KOHA) |
| Source of classification or shelving scheme |
|
| Koha item type |
Book |